Nine Step to Success: An ISO2001:2013 Implementation Overview. (Record no. 174)

MARC details
005 - DATE AND TIME OF LATEST TRANSACTION
control field 20250617171349.0
020 ## - INTERNATIONAL STANDARD BOOK NUMBER
International Standard Book Number 978-1-84928-823-1
082 ## - DEWEY DECIMAL CLASSIFICATION NUMBER
Classification number 005.8 CAL
100 ## - MAIN ENTRY--PERSONAL NAME
Author name CALDER ,A.
245 ## - TITLE STATEMENT
Title Nine Step to Success: An ISO2001:2013 Implementation Overview.
250 ## - EDITION STATEMENT
Edition statement 3rd Ed.
260 ## - PUBLICATION, DISTRIBUTION, ETC.
Place of publication, distribution, etc. Cambridgeshine,
Name of publisher, distributor, etc. Ict Governance,
Date of publication, distribution, etc. 2016.
300 ## - PHYSICAL DESCRIPTION
Extent x,126p.:
Dimensions 22cm.
942 ## - ADDED ENTRY ELEMENTS (KOHA)
Source of classification or shelving scheme Dewey Decimal Classification
Koha item type Books
Holdings
Date last seen Total checkouts Full call number Barcode Cost, replacement price Price effective from Koha item type Lost status Source of classification or shelving scheme Damaged status Not for loan Withdrawn status Home library Current library Shelving location Date acquired Cost, normal purchase price Date due Date last checked out
03/07/2025   005.8 CAL 000000408 60000.00 03/07/2025 Books   Dewey Decimal Classification       College of Business Education Main Library College of Business Education Main Library General Collection 03/07/2025 20000.00    
03/07/2025   005.8 CAL 000000409 60000.00 03/07/2025 Books   Dewey Decimal Classification       College of Business Education Main Library College of Business Education Main Library General Collection 03/07/2025 20000.00    
03/07/2025   005.8 CAL 000000410 60000.00 03/07/2025 Books   Dewey Decimal Classification       College of Business Education Main Library College of Business Education Main Library General Collection 03/07/2025 20000.00    
12/22/2025 1 005.8 CAL 000000411 60000.00 03/07/2025 Books   Dewey Decimal Classification       College of Business Education Main Library College of Business Education Main Library General Collection 03/07/2025 20000.00 01/05/2026 12/22/2025
03/07/2025   005.8 CAL 000000412 60000.00 03/07/2025 Books   Dewey Decimal Classification       College of Business Education Main Library College of Business Education Main Library Special Reserve Collection 03/07/2025 20000.00